Ελληνική Οικονομία και Ναυτεμπορική / Σε Παράλληλες Πορείες: 1924-2014 (Record no. 2997)
[ view plain ]
| 000 -LEADER | |
|---|---|
| fixed length control field | 01701cam a22002054a 4500 |
| 005 - ΗΜΕΡΟΜΗΝΙΑ ΚΑΙ ΩΡΑ ΤΕΛΕΥΤΑΙΑΣ ΕΝΗΜΕΡΩΣΗΣ | |
| Πεδίο ελέγχου | 20250605164100.0 |
| 008 - FIXED-LENGTH DATA ELEMENTS--GENERAL INFORMATION | |
| Πεδίο ελέγχου σταθερού μήκους | 250528s ||||||||||||||||||||||||d |
| 035 ## - SYSTEM CONTROL NUMBER | |
| System control number | 17593 |
| 020 ## - ISBN | |
| ISBN | 9789608885127 |
| 040 ## - ΠΗΓΗ ΚΑΤΑΛΟΓΟΓΡΑΦΗΣΗΣ | |
| Φορέας πρωτότυπης καταλογογράφησης | MC Athens Campus Library |
| Γλώσσα καταλογογράφησης | Ελληνικά, Μοντέρνα (1453-) |
| Modifying agency | MC Athens Campus Library |
| Κανόνες περιγραφικής καταλογογράφησης | AACR2 |
| 245 1# - ΤΙΤΛΟΣ ΚΑΙ ΔΗΛΩΣΗ ΥΠΕΥΘΥΝΟΤΗΤΑΣ | |
| Τίτλος | Ελληνική Οικονομία και Ναυτεμπορική / Σε Παράλληλες Πορείες: 1924-2014 |
| 260 ## - PUBLICATION, DISTRIBUTION, ETC. | |
| Name of publisher, distributor, etc. | Ναυτεμπορική, |
| Date of publication, distribution, etc. | 2014 |
| 300 ## - PHYSICAL DESCRIPTION | |
| Extent | 200 |
| 520 ## - SUMMARY, ETC. | |
| Summary, etc. | Πρόλογος, Χαιρετισμοί, Εισαγωγικό Σημείωμα, Τα Πρώτα 90 Χρόναι της Ναυτεμπορικής, 1924-1949: Από τον Μεσοπόλεμο στην Κατοχή και στον Εμφύλιο - Εκλάμψεις και Σκοταδισμοί και Επαναπροσδιορισμοί, 1950-1967: Στους Δαιδαλώσεις Δρόμους της Ανασυγκρότησης - Από το Όραμα στη Διάψευση, 1967-1974: ''Πραξικοπηματικές'' Θέσεις και Αντιθέσεις, 1974-1981: ''Μεταπολιτευτικές'' Ανατροπές και Μεταπτώσεις, 1981-1990: Νέες Ιδεολογίες με Δοκιμασμένες Συνταγές, 1990-2000: Ευρωπαϊκοί Προσανατολισμοί και Ολοκληρώσεις, 2001-2014: Στις Πρώτες Δεκαετίες μιας Νέας Χιλιετίας: - Υποσχέσεις και Αναιρέσεις, Πηγές, Ενδεικτική Βιβλιογραφία. |
| 700 1# - ΠΡΟΣΘΕΤΗ ΑΝΑΓΡΑΦΗ--ΦΥΣΙΚΟ ΠΡΟΣΩΠΟ | |
| Personal name | Κυμιωνής Στέλιος |
| 9 (RLIN) | 3764 |
| 700 1# - ΠΡΟΣΘΕΤΗ ΑΝΑΓΡΑΦΗ--ΦΥΣΙΚΟ ΠΡΟΣΩΠΟ | |
| Personal name | Πανσεληνά Γεωργία Μ |
| 9 (RLIN) | 3765 |
| 942 ## - ADDED ENTRY ELEMENTS (KOHA) | |
| Koha item type | Books |
| Τύπος τεκμηρίου | Βιβλιοθήκη | Τρέχουσα τοποθεσία | Barcode | Αριθμός εισαγωγής | Ημερομηνία απόκτησης | Ταξιθετικό σύμβολο | Αριθμός αντιτύπου | Κατάσταση απόσυρσης | Κατάσταση χαμένου | Κατάσταση κατεστραμμένου | Μη δανεισμός | Σύνολο δανεισμών | Ημερομηνία τελευταίας εμφάνισης | Η τιμή ισχύει από |
|---|---|---|---|---|---|---|---|---|---|---|---|---|---|---|
| Books | MC Athens Campus Library | MC Athens Campus Library | 9780000029966 | 5826 | 05/06/2025 | 330.949/5 PAN | 1 | 05/06/2025 | 05/06/2025 |